विकास रंगतदार गोष्टी- पिवळा रंग (Record no. 387928)

MARC details
000 -LEADER
fixed length control field 00472nam a2200121Ia 4500
008 - FIXED-LENGTH DATA ELEMENTS--GENERAL INFORMATION
fixed length control field 100122s9999 xx 000 0 und d
082 ## - DEWEY DECIMAL CLASSIFICATION NUMBER
Item number 14412
245 ## - TITLE STATEMENT
Title विकास रंगतदार गोष्टी- पिवळा रंग
300 ## - PHYSICAL DESCRIPTION
Extent 32
630 ## - SUBJECT ADDED ENTRY--UNIFORM TITLE
Uniform title विकास रंगतदार गोष्टी- पिवळा रंग
730 ## - ADDED ENTRY--UNIFORM TITLE
Uniform title विकास रंगतदार गोष्टी- पिवळा रंग
942 ## - ADDED ENTRY ELEMENTS (KOHA)
Koha item type Book
Holdings
Withdrawn status Lost status Damaged status Not for loan Home library Current library Date acquired Cost, normal purchase price Total Checkouts Full call number Barcode Date last seen Cost, replacement price Price effective from Koha item type Public note
        S.V. Pathak Library, Vile Parle S.V. Pathak Library, Vile Parle 03/31/2007 26.00   14412 SVPPARLE-14412 01/25/2010 26.00 01/25/2010 Book ", , , NA"